Clue at the bottom of the lake / (Record no. 933)

MARC details
000 -LEADER
fixed length control field 01307nam a22003017a 4500
005 - DATE AND TIME OF LATEST TRANSACTION
control field 20230714143643.0
020 ## - INTERNATIONAL STANDARD BOOK NUMBER
International Standard Book Number 9780439929516
020 ## - INTERNATIONAL STANDARD BOOK NUMBER
International Standard Book Number 0439929512
040 ## - CATALOGING SOURCE
Original cataloging agency BTCTA
Transcribing agency BTCTA
Modifying agency BAKER
-- HCO
-- LEO
-- DLC
Language of cataloging eng
050 00 - LIBRARY OF CONGRESS CALL NUMBER
Classification number MLCS 2011/42289 (P)
082 ## - DEWEY DECIMAL CLASSIFICATION NUMBER
Classification number 479
100 1# - MAIN ENTRY--PERSONAL NAME
Personal name Gregory, Kristiana.
245 10 - TITLE STATEMENT
Title Clue at the bottom of the lake /
Statement of responsibility, etc. by Kristiana Gregory ; illustrated by Patrick Faricy.
260 ## - PUBLICATION, DISTRIBUTION, ETC.
Place of publication, distribution, etc. New York :
Name of publisher, distributor, etc. Scholastic,
Date of publication, distribution, etc. 2008.
300 ## - PHYSICAL DESCRIPTION
Extent 158 pages :
Other physical details illustrations, map ;
Dimensions 20 cm.
500 ## - GENERAL NOTE
General note "Little Apple"--Spine.
505 ## - FORMATTED CONTENTS NOTE
Formatted contents note O <br/>
520 ## - SUMMARY, ETC.
Summary, etc. "It's the middle of the night when Jeff spots someone dumping a large bundle into the lake. It's too dark to identify anyone -- or anything. But the cousins immediately suspect foul play, and plunge right into the mystery. Before they know it, the kids of Cabin Creek are in too deep. Everyone is a suspect -- and the cousins are all in danger!"--P. [4] of cover.
521 ## - TARGET AUDIENCE NOTE
Target audience note 620 <br/>
Source Lexile <br/>
521 ## - TARGET AUDIENCE NOTE
Target audience note 620 <br/>
Source Raz-Plus
650 ## - SUBJECT ADDED ENTRY--TOPICAL TERM
Topical term or geographic name entry element Cabin Creek
Form subdivision juvenile fiction
General subdivision kids
650 ## - SUBJECT ADDED ENTRY--TOPICAL TERM
Topical term or geographic name entry element Cabin Creek
Form subdivision juvenile fiction
General subdivision kids
700 1# - ADDED ENTRY--PERSONAL NAME
Personal name Faricy, Patrick,
Relator term illustrator.
906 ## - LOCAL DATA ELEMENT F, LDF (RLIN)
a 7
b cbc
c copycat
d 4
e ncip
f 20
g y-gencatlg
942 ## - ADDED ENTRY ELEMENTS (KOHA)
Source of classification or shelving scheme Dewey Decimal Classification
Koha item type Books
Suppress in OPAC No
999 ## -
-- 933
-- 933
Holdings
Withdrawn status Lost status Source of classification or shelving scheme Damaged status Not for loan Collection Home library Current library Shelving location Date acquired Total Checkouts Full call number Barcode Date last seen Price effective from Koha item type
    Dewey Decimal Classification     Juvenile Fiction Footprints International School Library Network Toul Kork Campus Footprints International School Library Network Toul Kork Campus TK Primary Library Room(4th Floor), Bookcase 3&4, Shelves 17-32, Yellow Books 07/14/2023   GRE 479 PZ7.G8619 FISTK00034 07/14/2023 07/14/2023 Books